[Seven pillars of wisdom : (Record no. 552562)

000 -LEADER
fixed length control field 00542cam a2200133Ia 4500
082 #4 - DEWEY DECIMAL CLASSIFICATION NUMBER
Classification number 953
Author Mark LAW
100 1# - MAIN ENTRY--PERSONAL NAME
Personal name Lawrence, T. E.
9 (RLIN) 49448
245 10 - TITLE STATEMENT
Title [Seven pillars of wisdom :
260 ## - PUBLICATION, DISTRIBUTION, ETC.
Place of publication, distribution, etc. [London :
Name of publisher, distributor, etc. s.n.,
Date of publication, distribution, etc. 1925]
300 ## - PHYSICAL DESCRIPTION
Extent 39 p., [1] leaf of plates :
Other physical details ill., col. port. ;
Dimensions 26 cm.
500 ## - GENERAL NOTE
General note Proof sheets of the first seven chapters of the published edition (with the original first chapter suppressed), which serves as the second state of the prospectus. Cf. O'Brien.
526 ## - STUDY PROGRAM INFORMATION NOTE
Program name 0
Interest level 0
Reading level 0
Title point value 953_000000000000000_LAW
942 ## - ADDED ENTRY ELEMENTS (KOHA)
Source of classification or shelving scheme
Koha item type Book
Holdings
Withdrawn status Lost status Source of classification or shelving scheme Damaged status Not for loan Permanent Location Current Location Shelving location Date acquired Total Checkouts Full call number Barcode Date last seen Price effective from Koha item type
          Military College of Engineering (MCE) Military College of Engineering (MCE)   01/19/2015   953 LAW MCE-ECS / 98 01/19/2015 01/19/2015 Book
© 2023 Central Library, National University of Sciences and Technology. All Rights Reserved.